000 00384pab a2200145 454500
008 180718b2017 xxu||||| |||| 00| 0 eng d
100 _aJohn, Maya
245 _aQuasi-magisterial power of 'Madams': an insight into the Noida case
260 _c2017
300 _ap.15-17.
362 _a29 Jul
650 _aDomestics
773 _aEconomic and Political Weekly
909 _a115991
999 _c115985
_d115985